000
00334nam a22001457a 4500
008
190129b xxu||||| |||| 00| 0 eng d
020
_a
0893032476
041
_a
eng
080
_a
610.73
082
_2
4 th
_a
610.73
100
_a
1-2
101
_a
INF
245
_a
Intensive Coronary Care
_c
Meltzer E.Lawrence
942
_2
udc
_c
BK
999
_c
53864
_d
53864